Movie by Repeated Quote II Quiz Stats

 Plays Quiz Updated Sep 16, 2016

Challenge
Share
Tweet
Embed
Score 0/18 Timer 05:00
6 Plays Today
% Correct
Toy Story
95.9%
The Exorcist
89%
Anchorman: The Legend of Ron Burgundy
87.4%
Forrest Gump
85.1%
Guardians of the Galaxy
83.9%
Field of Dreams
83.6%
Back to the Future
79.3%
Citizen Kane
78.5%
Jurassic Park
67.6%
% Correct
Harry Potter and the Prisoner of Azkaban
66.5%
Inception
61.3%
Aladdin
56.1%
Deadpool
55.2%
Whiplash
53.4%
Wreck-It Ralph
53.1%
Rain Man
52.3%
Indiana Jones and the Last Crusade
48.6%
O Brother, Where Art Thou
43.4%

You're not logged in!

Compare scores with friends on all Sporcle quizzes.
Join for Free
OR
Log In

You Might Also Like...

Show Comments

Extras

Top Quizzes Today


Score Distribution

Your Account Isn't Verified!

In order to create a playlist on Sporcle, you need to verify the email address you used during registration. Go to your Sporcle Settings to finish the process.

Report this User

Report this user for behavior that violates our Community Guidelines.

Details: